[Event "Petroupoli op 6th"]
[Site "Petroupoli"]
[Date "2011.10.22"]
[Round "3"]
[White "Fanos, Haralambos"]
[Black "Gribilas, Mihail"]
[Result "1-0"]
[WhiteElo "1010"]
[BlackElo "1000"]
[PlyCount "97"]
[EventDate "2011.10.15"]
[EventType "swiss"]
[EventRounds "7"]
[EventCountry "GRE"]
[SourceTitle "EXT 2013"]
[Source "ChessBase"]
[SourceDate "2012.11.22"]
[SourceVersion "1"]
[SourceVersionDate "2012.11.22"]
[SourceQuality "1"]

1. e4 c6 2. d4 d5 3. exd5 cxd5 4. Nc3 a6 5. Qf3 Nf6 6. Bg5 e6 7. Bxf6 Qxf6 8. Qxf6 gxf6 9. g3 Bh6 10. Bg2 0-0 11. f4 Nd7 12. 0-0-0 e5 13. Kb1 exf4 14. gxf4 Bxf4 15. Nxd5 Bd6 16. Bh3 Kh8 17. Bxd7 Bxd7 18. Nb6 Rad8 19. Nxd7 Rxd7 20. Rf1 Re7 21. Nh3 Rfe8 22. a3 Re3 23. Rxf6 Rxh3 24. Rxd6 f5 25. Rf1 Rf8 26. Rd7 b6 27. Rb7 Rf6 28. Rg1 Rg6 29. Rxg6 hxg6 30. Rxb6 Rxh2 31. Rxg6 Rh1+ 32. Ka2 f4 33. d5 f3 34. Rf6 Rf1 35. d6 Kg7 36. Rf4 Rd1 37. Rxf3 Rxd6 38. c4 a5 39. b4 a4 40. Kb2 Rd2+ 41. Kc3 Ra2 42. Kd4 Kg6 43. c5 Kg5 44. c6 Rd2+ 45. Rd3 Rc2 46. Rc3 Rd2+ 47. Ke3 Rh2 48. c7 Rh3+ 49. Kd4 1-0

[Event "Petroupoli op 6th"]
[Site "Petroupoli"]
[Date "2011.10.15"]
[Round "1"]
[White "Alexiadis, Christos"]
[Black "Gribilas, Mihail"]
[Result "1-0"]
[WhiteElo "1624"]
[BlackElo "1000"]
[PlyCount "81"]
[EventDate "2011.10.15"]
[EventType "swiss"]
[EventRounds "7"]
[EventCountry "GRE"]
[SourceTitle "EXT 2013"]
[Source "ChessBase"]
[SourceDate "2012.11.22"]
[SourceVersion "1"]
[SourceVersionDate "2012.11.22"]
[SourceQuality "1"]

1. e4 d5 2. exd5 Nf6 3. Bb5+ Bd7 4. Bc4 b5 5. Bb3 c6 6. dxc6 Bxc6 7. Nf3 e6 8. 0-0 Bd6 9. a4 Qa5 10. Nd4 0-0 11. Nxc6 Nxc6 12. Nc3 b4 13. Nb5 Be5 14. Qf3 Qb6 15. d3 a6 16. Be3 Qb7 17. Nd4 Rac8 18. Nxc6 Rxc6 19. d4 Bd6 20. Bg5 Be7 21. Bxf6 Bxf6 22. d5 Rd6 23. dxe6 Qxf3 24. exf7+ Kh8 25. gxf3 h5 26. Rae1 Bh4 27. Re8 Rd8 28. Rfe1 g6 29. Rxd8 Bxd8 30. Re6 Kg7 31. Rxa6 Bf6 32. Rb6 Be7 33. a5 Bc5 34. Rc6 Bd4 35. a6 Ra8 36. Bd5 Rd8 37. Bc4 Bxb2 38. a7 Be5 39. Ra6 Rd1+ 40. Kg2 Ra1 41. a8Q 1-0